000 00606nam a2200217Ia 4500
005 20241129105855.0
008 241129s9999||||xx |||||||||||||| ||und||
020 _a978-81-931817-4-4
037 _aTB
040 _aARTS
_beng
_cARTS
041 _ahin
_2san
084 _aO15:g 152R3
_qARTS
100 _aShatparthi Shawetpadama Au.
_9726552
245 0 _aSaraswat Saurabham
_cShatparthi Shawetpadama Au.
260 _aDelhi, India
_bAmar Publication
_c2020
300 _a232p.
365 _aINR
_b699
650 _aSanskrit Literature
942 _cTB
_hO15:g R3
999 _c1226380
_d1226380